[Event "RUS-chTW Premier 2019"]
[Site "Sochi"]
[Date "2019.05.05"]
[Round "5.15"]
[White "Maltsevskaya, Aleksandra"]
[Black "Shafigullina, Zarina"]
[Result "1/2-1/2"]
[WhiteElo "2299"]
[BlackElo "2299"]
[Annotator "NA"]
[PlyCount "128"]
[EventDate "2019.05.01"]
[EventType "team-tourn"]
[EventCountry "RUS"]
[SourceTitle "playchess.com"]
[Source "ChessBase"]
[SourceQuality "1"]
[TimeControl "40/5400+30:1800+30"]

1. e4 {[%emt 0:00:00]} c5 {[%emt 0:00:00]} 2. Nf3 {[%emt 0:00:00]} Nc6 {[%emt 0:00:00]} 3. d4 {[%emt 0:00:00]} cxd4 {[%emt 0:00:00]} 4. Nxd4 {[%emt 0:00:00]} Nf6 {[%emt 0:00:00]} 5. Nc3 {[%emt 0:00:01]} e5 {[%emt 0:00:00]} 6. Ndb5 {[%emt 0:00:06]} d6 {[%emt 0:00:00]} 7. Nd5 {[%emt 0:00:05]} Nxd5 {[%emt 0:00:01]} 8. exd5 {[%emt 0:00:05]} Nb8 {[%emt 0:00:02]} 9. a4 {[%emt 0:00:08]} Bf5 {[%emt 0:07:30]} 10. Be2 {[%emt 0:08:53]} Be7 {[%emt 0:00:58]} 11. O-O {[%emt 0:03:16]} O-O {[%emt 0:06:56]} 12. Be3 {[%emt 0:07:13]} a6 {[%emt 0:00:48]} 13. Na3 {[%emt 0:00:07]} Nd7 {[%emt 0:00:39]} 14. Nc4 {[%emt 0:01:16]} b5 {[%emt 0:01:45]} 15. Na3 {[%emt 0:06:44]} b4 {[%emt 0:05:23]} 16. Nc4 {[%emt 0:00:07]} a5 {[%emt 0:00:14]} 17. Kh1 {[%emt 0:05:17]} Qc8 {[%emt 0:03:32]} 18. Rc1 {[%emt 0:09:54]} Qb7 {[%emt 0:01:12]} 19. f4 {[%emt 0:00:34]} Be4 {[%emt 0:06:28]} 20. Bf3 {[%emt 0:02:27]} Bxf3 {[%emt 0:00:08]} 21. Qxf3 {[%emt 0:00:06]} f5 {[%emt 0:10:42]} 22. Rcd1 {[%emt 0:08:56]} e4 {[%emt 0:04:25]} 23. Qh3 {[%emt 0:01:16]} b3 {[%emt 0:05:03]} 24. c3 {[%emt 0:02:06]} Qc8 {[%emt 0:03:26]} 25. Nd2 {[%emt 0:04:35]} Rb8 {[%emt 0:00:38]} 26. g4 {[%emt 0:05:36]} Nf6 {[%emt 0:07:43]} 27. gxf5 {[%emt 0:00:36]} Nxd5 {[%emt 0:00:11]} 28. Nxe4 {[%emt 0:01:21]} Qb7 {[%emt 0:28:18]} 29. Kg1 {[%emt 0:01:49]} Nxe3 {[%emt 0:06:57]} 30. Qxe3 {[%emt 0:00:05]} Rxf5 {[%emt 0:00:48]} 31. Qd3 {[%emt 0:12:07]} Qb6+ {[%emt 0:00:24]} 32. Qd4 {[%emt 0:01:19]} Qxd4+ {[%emt 0:00:58]} 33. Rxd4 {[%emt 0:00:05]} Rbf8 {[%emt 0:00:27]} 34. Ng3 {[%emt 0:02:06]} Rc5 {[%emt 0:00:19]} 35. Re1 {[%emt 0:00:58]} Kf7 {[%emt 0:00:39]} 36. Kg2 {[%emt 0:01:19]} Rd8 {[%emt 0:00:09]} 37. Red1 {[%emt 0:02:08]} Ke6 {[%emt 0:01:02]} 38. Ne4 {[%emt 0:09:05]} Rf5 {[%emt 0:00:01]} 39. Nd2 {[%emt 0:00:11]} Bf6 {[%emt 0:00:39]} 40. Nxb3 {[%emt 0:00:00]} d5 {[%emt 0:00:00]} 41. c4 {[%emt 0:12:44]} Rb8 {[%emt 0:07:19]} 42. cxd5+ {[%emt 0:07:23]} Kd6 {[%emt 0:01:19]} 43. R4d3 {[%emt 0:00:08]} Rxf4 {[%emt 0:00:10]} 44. Re1 {[%emt 0:00:55]} Be5 {[%emt 0:01:39]} 45. Rc1 {[%emt 0:02:19]} Rb6 {[%emt 0:04:27]} 46. Rc8 {[%emt 0:05:08]} Kd7 {[%emt 0:16:26]} 47. Ra8 {[%emt 0:01:05]} Rfb4 {[%emt 0:00:51]} 48. Nxa5 {[%emt 0:01:21]} Rxb2+ {[%emt 0:00:04]} 49. Kf3 {[%emt 0:00:05]} Rf6+ {[%emt 0:01:44]} 50. Ke4 {[%emt 0:02:12]} Bxh2 {[%emt 0:00:11]} 51. Ra7+ {[%emt 0:01:39]} Bc7 {[%emt 0:00:50]} 52. Rc3 {[%emt 0:01:35]} Re2+ {[%emt 0:00:08]} 53. Kd4 {[%emt 0:00:09]} Rf4+ {[%emt 0:00:33]} 54. Kc5 {[%emt 0:00:04]} Rxa4 {[%emt 0:00:57]} 55. Rxc7+ {[%emt 0:01:52]} Kxc7 {[%emt 0:00:01]} 56. Kb5+ {[%emt 0:00:06]} Kd6 {[%emt 0:00:04]} 57. Kxa4 {[%emt 0:00:07]} Kxd5 {[%emt 0:00:19]} 58. Kb4 {[%emt 0:02:00]} Rb2+ {[%emt 0:01:36]} 59. Nb3 {[%emt 0:00:09]} h6 {[%emt 0:00:25]} 60. Rg3 {[%emt 0:00:33]} g5 {[%emt 0:00:21]} 61. Rh3 {[%emt 0:00:04]} Ke4 {[%emt 0:00:32]} 62. Rxh6 {[%emt 0:00:28]} g4 {[%emt 0:00:20]} 63. Kc3 {[%emt 0:00:09]} Ra2 {[%emt 0:00:54]} 64. Nd2+ {[%emt 0:00:33]} Ke5 1/2-1/2

[Event "RUS-chTW Premier 2019"]
[Site "Sochi"]
[Date "2019.05.05"]
[Round "5.16"]
[White "Bulatova, Kamaliya"]
[Black "Diakonova, Ekaterina"]
[Result "1/2-1/2"]
[WhiteElo "2103"]
[BlackElo "2211"]
[Annotator "NA"]
[PlyCount "94"]
[EventDate "2019.05.01"]
[EventType "team-tourn"]
[EventCountry "RUS"]
[SourceTitle "playchess.com"]
[Source "ChessBase"]
[SourceQuality "1"]
[TimeControl "40/5400+30:1800+30"]

1. d4 {[%emt 0:00:00]} Nf6 {[%emt 0:00:00]} 2. c4 {[%emt 0:00:00]} e6 {[%emt 0:00:00]} 3. Nc3 {[%emt 0:00:00]} d5 {[%emt 0:00:00]} 4. cxd5 {[%emt 0:00:00]} exd5 $11 {[%emt 0:00:00]} 5. Bg5 {[%emt 0:00:02]} c6 {[%emt 0:00:00]} 6. e3 {[%emt 0:00:32]} Bf5 {[%emt 0:00:23]} 7. Qf3 {[%emt 0:01:06]} Bg6 {[%emt 0:00:05]} 8. Bxf6 {[%emt 0:00:04]} Qxf6 {[%emt 0:00:04]} 9. Qxf6 {[%emt 0:00:05]} gxf6 {[%emt 0:00:04]} 10. Nh3 {[%emt 0:08:39]} Nd7 {[%emt 0:02:47]} 11. Nf4 {[%emt 0:02:34]} Bd6 {[%emt 0:04:07]} 12. Nd3 {[%emt 0:07:31]} a5 {[%emt 0:06:34]} 13. Be2 {[%emt 0:02:56]} a4 {[%emt 0:10:41]} 14. O-O {[%emt 0:08:09]} b5 {[%emt 0:12:34]} 15. a3 {[%emt 0:04:33]} Nb6 {[%emt 0:00:51]} 16. Na2 {[%emt 0:13:38]} Nc4 {[%emt 0:01:44]} 17. Ndb4 {[%emt 0:06:45]} Kd7 {[%emt 0:03:53]} 18. Rac1 {[%emt 0:04:16]} Rac8 {[%emt 0:04:33]} 19. Bxc4 {[%emt 0:01:14]} bxc4 {[%emt 0:00:05]} 20. Nc3 {[%emt 0:02:39]} Ra8 {[%emt 0:04:03]} 21. Nca2 {[%emt 0:04:27]} Rhg8 {[%emt 0:07:43]} 22. f3 {[%emt 0:04:24]} Rab8 {[%emt 0:00:06]} 23. Rf2 {[%emt 0:03:07]} h5 {[%emt 0:05:34]} 24. e4 {[%emt 0:08:19]} dxe4 {[%emt 0:09:30]} 25. fxe4 {[%emt 0:03:18]} Bxe4 {[%emt 0:00:10]} 26. Rxc4 {[%emt 0:00:51]} Rbe8 {[%emt 0:08:10]} 27. Nc3 {[%emt 0:05:09]} Bd5 {[%emt 0:00:40]} 28. Ncxd5 {[%emt 0:00:33]} cxd5 {[%emt 0:00:24]} 29. Rc1 {[%emt 0:00:34]} Bxb4 {[%emt 0:01:03]} 30. axb4 {[%emt 0:00:04]} Rb8 {[%emt 0:08:24]} 31. Rc5 {[%emt 0:01:34]} Rxb4 {[%emt 0:00:43]} 32. Rxd5+ {[%emt 0:00:19]} Ke6 {[%emt 0:03:36]} 33. Rdf5 {[%emt 0:00:54]} Rg6 {[%emt 0:01:05]} 34. d5+ {[%emt 0:00:15]} Ke7 {[%emt 0:00:28]} 35. Rxh5 {[%emt 0:00:06]} Rd4 {[%emt 0:00:41]} 36. h3 {[%emt 0:01:01]} Rg5 {[%emt 0:00:53]} 37. Rh6 {[%emt 0:00:14]} Rg6 {[%emt 0:00:34]} 38. Re2+ {[%emt 0:02:23]} Kf8 {[%emt 0:02:15]} 39. Rh8+ {[%emt 0:00:52]} Kg7 {[%emt 0:00:01]} 40. Ra8 {[%emt 0:00:00]} f5 {[%emt 0:00:00]} 41. Ra7 {[%emt 0:02:54]} Rb6 {[%emt 0:08:20]} 42. Ree7 {[%emt 0:11:46]} Rxb2 {[%emt 0:01:56]} 43. Rxf7+ {[%emt 0:00:22]} Kg6 {[%emt 0:00:23]} 44. Rfd7 {[%emt 0:01:20]} Kf6 {[%emt 0:08:55]} 45. Rf7+ {[%emt 0:07:07]} Kg6 {[%emt 0:02:05]} 46. Rfc7 {[%emt 0:06:14]} Kf6 {[%emt 0:04:04]} 47. Rf7+ {[%emt 0:06:39]} Kg6 {[%emt 0:00:05]} 1/2-1/2

[Event "RUS-chTW Premier 2019"]
[Site "Sochi"]
[Date "2019.05.07"]
[Round "6.1"]
[White "Ovod, Evgenija"]
[Black "Nasybullina, Alfia"]
[Result "1/2-1/2"]
[WhiteElo "2362"]
[BlackElo "2065"]
[Annotator "NA"]
[PlyCount "128"]
[EventDate "2019.05.01"]
[EventType "team-tourn"]
[EventCountry "RUS"]
[SourceTitle "playchess.com"]
[Source "ChessBase"]
[SourceQuality "1"]
[TimeControl "40/5400+30:1800+30"]

1. e4 {[%emt 0:00:00]} c6 {[%emt 0:00:00]} 2. d4 {[%emt 0:00:00]} d5 {[%emt 0:00:00]} 3. e5 {[%emt 0:00:00]} c5 {[%emt 0:00:06]} 4. dxc5 {[%emt 0:00:00]} Nc6 {[%emt 0:00:03]} 5. f4 {[%emt 0:00:03]} e6 {[%emt 0:00:27]} 6. Be3 {[%emt 0:00:09]} Nge7 {[%emt 0:04:11]} 7. Nd2 {[%emt 0:12:19]} g5 {[%emt 0:11:17]} 8. fxg5 {[%emt 0:06:54]} Nf5 {[%emt 0:03:54]} 9. Bf2 {[%emt 0:07:11]} Nxe5 {[%emt 0:02:02]} 10. g4 {[%emt 0:05:42]} Ne7 {[%emt 0:02:06]} 11. Qe2 {[%emt 0:02:18]} N7c6 {[%emt 0:02:44]} 12. h4 {[%emt 0:08:21]} Qa5 {[%emt 0:06:23]} 13. Ngf3 {[%emt 0:11:56]} Nxf3+ {[%emt 0:18:34]} 14. Qxf3 {[%emt 0:00:04]} Bd7 {[%emt 0:04:28]} 15. c3 {[%emt 0:07:28]} Bxc5 {[%emt 0:01:08]} 16. Nb3 {[%emt 0:02:38]} Bxf2+ {[%emt 0:01:44]} 17. Qxf2 {[%emt 0:00:02]} Qc7 {[%emt 0:02:35]} 18. O-O-O {[%emt 0:00:57]} O-O-O {[%emt 0:01:00]} 19. Bg2 {[%emt 0:01:55]} Kb8 {[%emt 0:01:16]} 20. Kb1 {[%emt 0:01:26]} Ne5 {[%emt 0:01:21]} 21. Rd4 {[%emt 0:03:29]} Bb5 {[%emt 0:01:50]} 22. Nc1 {[%emt 0:03:42]} Rhf8 {[%emt 0:02:56]} 23. Re1 {[%emt 0:06:16]} Nc6 {[%emt 0:01:52]} 24. Rf4 {[%emt 0:00:17]} e5 {[%emt 0:11:33]} 25. Rf5 {[%emt 0:00:12]} Ba6 {[%emt 0:04:43]} 26. Rd1 {[%emt 0:04:57]} b6 {[%emt 0:05:33]} 27. Rxd5 {[%emt 0:01:04]} Bc8 {[%emt 0:00:20]} 28. Rxd8 {[%emt 0:00:40]} Nxd8 {[%emt 0:00:40]} 29. Rf6 {[%emt 0:00:35]} Bxg4 {[%emt 0:01:18]} 30. Be4 {[%emt 0:00:39]} Be6 {[%emt 0:01:36]} 31. Bxh7 {[%emt 0:01:17]} Rh8 {[%emt 0:00:07]} 32. g6 {[%emt 0:02:00]} fxg6 {[%emt 0:00:22]} 33. Bxg6 {[%emt 0:00:04]} Qe7 {[%emt 0:02:53]} 34. Nd3 {[%emt 0:04:22]} Bc8 {[%emt 0:02:32]} 35. Be4 {[%emt 0:02:07]} Bb7 {[%emt 0:01:13]} 36. Bxb7 {[%emt 0:01:35]} Qxb7 {[%emt 0:00:38]} 37. Qg3 {[%emt 0:02:00]} Qe4 {[%emt 0:01:25]} 38. Qxe5+ {[%emt 0:00:50]} Qxe5 {[%emt 0:00:05]} 39. Nxe5 {[%emt 0:00:04]} Rxh4 {[%emt 0:00:20]} 40. Rd6 {[%emt 0:00:00]} Kc8 {[%emt 0:00:00]} 41. Kc2 {[%emt 0:03:02]} Re4 {[%emt 0:03:48]} 42. Nd3 {[%emt 0:01:05]} Nb7 {[%emt 0:00:49]} 43. Rc6+ {[%emt 0:02:25]} Kd7 {[%emt 0:00:21]} 44. Rh6 {[%emt 0:02:26]} Re7 {[%emt 0:02:09]} 45. c4 {[%emt 0:02:47]} Nd6 {[%emt 0:01:24]} 46. Kc3 {[%emt 0:00:16]} Kc7 {[%emt 0:02:42]} 47. b4 {[%emt 0:00:46]} Rd7 {[%emt 0:02:21]} 48. Re6 {[%emt 0:02:00]} Nb7 {[%emt 0:00:14]} 49. Ne5 {[%emt 0:01:44]} Rh7 {[%emt 0:04:12]} 50. Rc6+ {[%emt 0:01:13]} Kb8 {[%emt 0:00:07]} 51. Rf6 {[%emt 0:05:43]} Nd8 {[%emt 0:02:43]} 52. c5 {[%emt 0:02:45]} bxc5 {[%emt 0:00:27]} 53. bxc5 {[%emt 0:00:05]} Rh1 {[%emt 0:02:03]} 54. Rg6 {[%emt 0:03:13]} Rc1+ {[%emt 0:01:03]} 55. Kd4 {[%emt 0:03:13]} Rd1+ {[%emt 0:00:22]} 56. Nd3 {[%emt 0:00:29]} Rd2 {[%emt 0:02:30]} 57. a3 {[%emt 0:03:04]} Ra2 {[%emt 0:01:32]} 58. Rg8 {[%emt 0:00:13]} Kc7 {[%emt 0:00:24]} 59. Rg7+ {[%emt 0:00:13]} Kc8 {[%emt 0:00:52]} 60. Kc4 {[%emt 0:04:02]} Rxa3 {[%emt 0:00:19]} 61. Nb4 {[%emt 0:00:08]} Ra1 {[%emt 0:02:14]} 62. Kb5 {[%emt 0:01:13]} Rb1 {[%emt 0:01:43]} 63. Rxa7 {[%emt 0:01:11]} Rxb4+ {[%emt 0:00:07]} 64. Kxb4 {[%emt 0:00:08]} Nc6+ 1/2-1/2

[Event "RUS-chTW Premier 2019"]
[Site "Sochi"]
[Date "2019.05.07"]
[Round "6.2"]
[White "Mukhina, Jana"]
[Black "Belenkaya, Dina"]
[Result "0-1"]
[WhiteElo "2098"]
[BlackElo "2315"]
[Annotator "NA"]
[PlyCount "114"]
[EventDate "2019.05.01"]
[EventType "team-tourn"]
[EventCountry "RUS"]
[SourceTitle "playchess.com"]
[Source "ChessBase"]
[SourceQuality "1"]
[TimeControl "40/5400+30:1800+30"]

1. e4 {[%emt 0:00:00]} c6 {[%emt 0:00:00]} 2. d4 {[%emt 0:00:00]} d5 {[%emt 0:00:00]} 3. Nc3 {[%emt 0:00:00]} dxe4 {[%emt 0:00:00]} 4. Nxe4 {[%emt 0:00:00]} Bf5 {[%emt 0:00:00]} 5. Ng3 {[%emt 0:00:09]} Bg6 {[%emt 0:00:06]} 6. h4 {[%emt 0:00:15]} h6 {[%emt 0:00:04]} 7. Nf3 {[%emt 0:00:07]} Nd7 {[%emt 0:00:03]} 8. h5 {[%emt 0:00:06]} Bh7 {[%emt 0:00:05]} 9. Bd3 {[%emt 0:00:07]} Bxd3 {[%emt 0:00:08]} 10. Qxd3 {[%emt 0:00:07]} e6 {[%emt 0:00:06]} 11. Bd2 {[%emt 0:00:04]} Ngf6 {[%emt 0:00:08]} 12. O-O-O {[%emt 0:00:12]} Be7 {[%emt 0:00:03]} 13. Kb1 {[%emt 0:00:07]} Qb6 {[%emt 0:00:05]} 14. c4 {[%emt 0:00:41]} Rd8 {[%emt 0:00:39]} 15. Qc2 {[%emt 0:02:40]} O-O {[%emt 0:08:04]} 16. Bf4 {[%emt 0:00:07]} Rfe8 {[%emt 0:06:50]} 17. Ne5 {[%emt 0:00:22]} Nf8 {[%emt 0:07:30]} 18. c5 {[%emt 0:29:23]} Qa6 {[%emt 0:09:39]} 19. Rd3 {[%emt 0:12:58]} Nd5 {[%emt 0:13:45]} 20. Bd2 {[%emt 0:03:20]} b5 {[%emt 0:03:54]} 21. Ne4 {[%emt 0:21:35]} f5 {[%emt 0:04:38]} 22. Ng3 {[%emt 0:18:31]} Nh7 {[%emt 0:03:48]} 23. Ne2 {[%emt 0:03:52]} Bf6 {[%emt 0:02:29]} 24. f4 {[%emt 0:04:01]} Re7 {[%emt 0:06:47]} 25. g4 {[%emt 0:00:37]} Bxe5 {[%emt 0:01:58]} 26. fxe5 {[%emt 0:01:16]} Rf7 {[%emt 0:02:45]} 27. gxf5 {[%emt 0:00:37]} exf5 {[%emt 0:07:16]} 28. Rf3 {[%emt 0:01:22]} Qc8 {[%emt 0:02:03]} 29. Rg1 {[%emt 0:01:03]} Kh8 {[%emt 0:00:11]} 30. Rg6 {[%emt 0:00:25]} Nf8 {[%emt 0:01:31]} 31. Rg1 {[%emt 0:00:41]} Ne7 {[%emt 0:01:58]} 32. Ba5 {[%emt 0:00:38]} Rd5 {[%emt 0:02:42]} 33. Rgf1 {[%emt 0:00:34]} Ne6 {[%emt 0:00:23]} 34. Qd2 {[%emt 0:00:15]} Qd7 {[%emt 0:03:51]} 35. Rd1 {[%emt 0:00:43]} Rf8 {[%emt 0:00:56]} 36. Rd3 {[%emt 0:00:17]} Qe8 {[%emt 0:00:58]} 37. Rh1 {[%emt 0:00:26]} Rd7 {[%emt 0:03:00]} 38. Nf4 {[%emt 0:00:46]} Nxf4 {[%emt 0:00:57]} 39. Qxf4 {[%emt 0:00:01]} Nd5 {[%emt 0:00:35]} 40. Qf3 {[%emt 0:00:00]} f4 {[%emt 0:00:00]} 41. Rg1 {[%emt 0:06:16]} Qf7 {[%emt 0:16:56]} 42. Rg6 {[%emt 0:04:16]} Qf5 {[%emt 0:00:30]} 43. Kc1 {[%emt 0:08:53]} Ne3 {[%emt 0:00:43]} 44. Rxe3 {[%emt 0:03:06]} fxe3 {[%emt 0:00:06]} 45. Qxf5 {[%emt 0:00:04]} Rxf5 {[%emt 0:00:07]} 46. Rd6 {[%emt 0:02:33]} Rdf7 {[%emt 0:07:00]} 47. e6 {[%emt 0:02:15]} Re7 {[%emt 0:07:45]} 48. Rxc6 {[%emt 0:00:49]} Rxh5 {[%emt 0:03:20]} 49. Kd1 {[%emt 0:01:33]} g5 {[%emt 0:01:03]} 50. Ke2 {[%emt 0:04:26]} g4 {[%emt 0:00:35]} 51. Kxe3 {[%emt 0:00:45]} g3 {[%emt 0:00:35]} 52. Kf3 {[%emt 0:01:09]} Rg7 {[%emt 0:01:23]} 53. Kg2 {[%emt 0:01:24]} Rh2+ {[%emt 0:00:26]} 54. Kf3 {[%emt 0:00:35]} Rf2+ {[%emt 0:01:10]} 55. Ke3 {[%emt 0:00:13]} g2 {[%emt 0:00:53]} 56. e7 {[%emt 0:00:09]} g1=Q {[%emt 0:01:08]} 57. Rc8+ {[%emt 0:00:44]} Kh7 {[%emt 0:00:15]} 0-1

[Event "RUS-chTW Premier 2019"]
[Site "Sochi"]
[Date "2019.05.07"]
[Round "6.3"]
[White "Styazhkina, Anna"]
[Black "Mironenko, Galina"]
[Result "1-0"]
[WhiteElo "2272"]
[BlackElo "1901"]
[Annotator "NA"]
[PlyCount "69"]
[EventDate "2019.05.01"]
[EventType "team-tourn"]
[EventCountry "RUS"]
[SourceTitle "playchess.com"]
[Source "ChessBase"]
[SourceQuality "1"]
[TimeControl "40/5400+30:1800+30"]

1. e4 {[%emt 0:00:00]} e6 {[%emt 0:00:00]} 2. d4 {[%emt 0:00:00]} d5 {[%emt 0:00:00]} 3. Nd2 {[%emt 0:00:17]} c5 {[%emt 0:00:00]} 4. Ngf3 {[%emt 0:00:21]} cxd4 {[%emt 0:00:00]} 5. Nxd4 {[%emt 0:00:15]} Nc6 {[%emt 0:00:05]} 6. Bb5 {[%emt 0:00:13]} Bd7 {[%emt 0:00:05]} 7. Nxc6 {[%emt 0:00:20]} bxc6 {[%emt 0:00:05]} 8. Bd3 {[%emt 0:00:07]} Qc7 {[%emt 0:00:06]} 9. Qe2 {[%emt 0:01:56]} Ne7 {[%emt 0:00:08]} 10. Nf3 {[%emt 0:05:41]} Ng6 {[%emt 0:00:13]} 11. e5 {[%emt 0:01:51]} c5 {[%emt 0:00:37]} 12. c3 {[%emt 0:00:43]} Rb8 {[%emt 0:02:27]} 13. O-O {[%emt 0:17:37]} Be7 {[%emt 0:00:38]} 14. Re1 {[%emt 0:01:11]} Qb7 {[%emt 0:10:53]} 15. h4 {[%emt 0:07:35]} Bb5 {[%emt 0:03:59]} 16. h5 {[%emt 0:02:06]} Nf8 {[%emt 0:07:49]} 17. Nh2 {[%emt 0:10:02]} Nd7 {[%emt 0:07:28]} 18. b3 {[%emt 0:04:25]} Bxd3 {[%emt 0:11:13]} 19. Qxd3 {[%emt 0:00:15]} a5 {[%emt 0:01:57]} 20. Qg3 {[%emt 0:06:54]} g6 {[%emt 0:04:23]} 21. Qh3 {[%emt 0:00:28]} Qc6 {[%emt 0:05:13]} 22. Ng4 {[%emt 0:04:11]} Kd8 {[%emt 0:11:40]} 23. Bd2 {[%emt 0:05:07]} c4 {[%emt 0:05:46]} 24. bxc4 {[%emt 0:01:34]} dxc4 {[%emt 0:01:26]} 25. hxg6 {[%emt 0:12:33]} fxg6 {[%emt 0:00:23]} 26. Bh6 {[%emt 0:00:31]} Ba3 {[%emt 0:17:28]} 27. Bg7 {[%emt 0:05:07]} Rg8 {[%emt 0:01:07]} 28. Qxh7 {[%emt 0:00:40]} Kc7 {[%emt 0:00:13]} 29. Rad1 {[%emt 0:00:12]} g5 {[%emt 0:06:30]} 30. Nf6 {[%emt 0:02:24]} Nxf6 {[%emt 0:01:59]} 31. exf6 {[%emt 0:00:13]} Rgd8 {[%emt 0:01:07]} 32. Bf8+ {[%emt 0:00:32]} Rd7 {[%emt 0:00:13]} 33. Rxd7+ {[%emt 0:00:09]} Qxd7 {[%emt 0:00:05]} 34. Qxd7+ {[%emt 0:00:08]} Kxd7 {[%emt 0:00:03]} 35. Bxa3 {[%emt 0:00:07]} 1-0

[Event "RUS-chTW Premier 2019"]
[Site "Sochi"]
[Date "2019.05.07"]
[Round "6.4"]
[White "Filippova, Darya"]
[Black "Balaian, Alina"]
[Result "0-1"]
[WhiteElo "2070"]
[BlackElo "2250"]
[Annotator "NA"]
[PlyCount "94"]
[EventDate "2019.05.01"]
[EventType "team-tourn"]
[EventCountry "RUS"]
[SourceTitle "playchess.com"]
[Source "ChessBase"]
[SourceQuality "1"]
[TimeControl "40/5400+30:1800+30"]

1. c4 {[%emt 0:00:00]} Nf6 {[%emt 0:00:00]} 2. Nc3 {[%emt 0:00:00]} g6 {[%emt 0:00:00]} 3. d4 {[%emt 0:00:00]} Bg7 {[%emt 0:00:00]} 4. e4 {[%emt 0:00:02]} d6 {[%emt 0:00:00]} 5. Nf3 {[%emt 0:00:08]} O-O {[%emt 0:00:05]} 6. Be2 {[%emt 0:00:07]} e5 {[%emt 0:00:08]} 7. dxe5 {[%emt 0:00:23]} dxe5 {[%emt 0:00:04]} 8. Qxd8 {[%emt 0:00:12]} Rxd8 {[%emt 0:00:01]} 9. Bg5 {[%emt 0:00:17]} Re8 {[%emt 0:00:44]} 10. Nd5 {[%emt 0:00:19]} Nxd5 {[%emt 0:00:17]} 11. cxd5 {[%emt 0:00:14]} c6 {[%emt 0:00:23]} 12. Bc4 {[%emt 0:00:12]} cxd5 {[%emt 0:00:25]} 13. Bxd5 {[%emt 0:00:34]} Nd7 {[%emt 0:00:22]} 14. Rc1 {[%emt 0:17:01]} h6 {[%emt 0:03:26]} 15. Be3 {[%emt 0:12:16]} Nf6 {[%emt 0:00:32]} 16. Bb3 {[%emt 0:08:13]} Nxe4 {[%emt 0:15:42]} 17. Rc7 {[%emt 0:00:20]} Be6 {[%emt 0:00:12]} 18. Bxe6 {[%emt 0:01:04]} Rxe6 {[%emt 0:00:12]} 19. Rxb7 {[%emt 0:00:15]} Ra6 {[%emt 0:00:41]} 20. a3 {[%emt 0:04:38]} Nd6 {[%emt 0:02:01]} 21. Rb4 {[%emt 0:01:24]} Rc6 {[%emt 0:01:45]} 22. O-O {[%emt 0:03:48]} a5 {[%emt 0:02:28]} 23. Rb3 {[%emt 0:00:27]} Rac8 {[%emt 0:11:20]} 24. g3 {[%emt 0:04:27]} Nf5 {[%emt 0:04:30]} 25. g4 {[%emt 0:09:52]} Nd6 {[%emt 0:12:37]} 26. Rd1 {[%emt 0:02:45]} f5 {[%emt 0:01:22]} 27. Nh4 {[%emt 0:09:27]} fxg4 {[%emt 0:04:24]} 28. Rd5 {[%emt 0:07:19]} Nc4 {[%emt 0:04:18]} 29. Ba7 {[%emt 0:03:23]} Rf6 {[%emt 0:05:12]} 30. Rb7 {[%emt 0:02:22]} g5 {[%emt 0:00:55]} 31. Rdd7 {[%emt 0:00:31]} Bf8 {[%emt 0:00:13]} 32. Ng2 {[%emt 0:01:30]} Nd6 {[%emt 0:09:17]} 33. Rbc7 {[%emt 0:00:22]} Rxc7 {[%emt 0:01:34]} 34. Rxc7 {[%emt 0:00:03]} Nb5 {[%emt 0:09:08]} 35. Rd7 {[%emt 0:02:18]} Nxa7 {[%emt 0:02:12]} 36. Rxa7 {[%emt 0:00:08]} Rxf2 {[%emt 0:00:32]} 37. Kxf2 {[%emt 0:03:31]} Bc5+ {[%emt 0:00:20]} 38. Kg3 {[%emt 0:00:49]} Bxa7 {[%emt 0:00:06]} 39. Kxg4 {[%emt 0:01:34]} a4 {[%emt 0:00:59]} 40. Ne1 {[%emt 0:00:00]} Bd4 {[%emt 0:00:00]} 41. Nd3 {[%emt 0:06:46]} e4 {[%emt 0:01:29]} 42. Nb4 {[%emt 0:00:27]} Bxb2 {[%emt 0:00:14]} 43. Nd5 {[%emt 0:00:28]} Bxa3 {[%emt 0:03:33]} 44. Nc3 {[%emt 0:00:31]} Bd6 {[%emt 0:03:06]} 45. h4 {[%emt 0:00:18]} a3 {[%emt 0:00:28]} 46. hxg5 {[%emt 0:00:23]} hxg5 {[%emt 0:00:06]} 47. Na2 {[%emt 0:00:12]} Bf4 {[%emt 0:01:33]} 0-1

[Event "RUS-chTW Premier 2019"]
[Site "Sochi"]
[Date "2019.05.07"]
[Round "6.5"]
[White "Badelka, Olga"]
[Black "Ushenina, Anna"]
[Result "0-1"]
[WhiteElo "2383"]
[BlackElo "2442"]
[Annotator "NA"]
[PlyCount "84"]
[EventDate "2019.05.01"]
[EventType "team-tourn"]
[EventCountry "RUS"]
[SourceTitle "playchess.com"]
[Source "ChessBase"]
[SourceQuality "1"]
[TimeControl "40/5400+30:1800+30"]

1. c4 {[%emt 0:00:00]} e5 {[%emt 0:00:00]} 2. g3 {[%emt 0:00:00]} Nf6 {[%emt 0:00:08]} 3. Bg2 {[%emt 0:00:00]} d5 {[%emt 0:00:04]} 4. cxd5 {[%emt 0:00:00]} Nxd5 {[%emt 0:00:03]} 5. Nf3 {[%emt 0:00:14]} Nc6 {[%emt 0:00:28]} 6. O-O {[%emt 0:00:18]} Nb6 {[%emt 0:00:24]} 7. b3 {[%emt 0:00:19]} Be7 {[%emt 0:01:38]} 8. Bb2 {[%emt 0:00:13]} f6 {[%emt 0:00:09]} 9. Qc1 {[%emt 0:00:13]} O-O {[%emt 0:03:50]} 10. Rd1 {[%emt 0:00:15]} Qe8 {[%emt 0:12:20]} 11. d4 {[%emt 0:00:44]} exd4 {[%emt 0:17:39]} 12. Nxd4 {[%emt 0:00:12]} Nxd4 {[%emt 0:00:09]} 13. Bxd4 {[%emt 0:00:20]} c6 {[%emt 0:04:57]} 14. Nc3 {[%emt 0:01:28]} Be6 {[%emt 0:03:49]} 15. Qe3 {[%emt 0:07:17]} Ba3 {[%emt 0:12:34]} 16. Nb1 {[%emt 0:26:36]} Bb4 {[%emt 0:01:53]} 17. a3 {[%emt 0:00:32]} Ba5 {[%emt 0:00:21]} 18. Qd3 {[%emt 0:10:21]} Rd8 {[%emt 0:16:15]} 19. b4 {[%emt 0:10:29]} c5 {[%emt 0:00:13]} 20. bxa5 {[%emt 0:06:05]} Rxd4 {[%emt 0:01:30]} 21. Qc2 {[%emt 0:00:03]} Nc4 {[%emt 0:15:26]} 22. Nd2 {[%emt 0:06:58]} Nxa5 {[%emt 0:02:38]} 23. Qxc5 {[%emt 0:01:34]} Qd8 {[%emt 0:00:01]} 24. Qc2 {[%emt 0:01:32]} Qc8 {[%emt 0:00:17]} 25. Qxc8 {[%emt 0:08:58]} Rxc8 {[%emt 0:00:01]} 26. Ne4 {[%emt 0:00:15]} Rxd1+ {[%emt 0:00:17]} 27. Rxd1 {[%emt 0:00:02]} b6 {[%emt 0:00:27]} 28. f4 {[%emt 0:02:10]} Kf8 {[%emt 0:00:19]} 29. Kf2 {[%emt 0:01:16]} Ke7 {[%emt 0:00:24]} 30. Rd3 {[%emt 0:01:44]} Nc4 {[%emt 0:00:56]} 31. Ke1 {[%emt 0:03:38]} Nb2 {[%emt 0:02:35]} 32. Rd4 {[%emt 0:07:53]} Rc4 {[%emt 0:00:35]} 33. Rd2 {[%emt 0:00:44]} Rc1+ {[%emt 0:00:13]} 34. Kf2 {[%emt 0:00:03]} Nd1+ {[%emt 0:02:04]} 35. Ke1 {[%emt 0:03:40]} Ne3+ {[%emt 0:00:10]} 36. Kf2 {[%emt 0:00:02]} Ng4+ {[%emt 0:00:23]} 37. Kf3 {[%emt 0:00:03]} Nxh2+ {[%emt 0:00:10]} 38. Ke3 {[%emt 0:00:15]} Rg1 {[%emt 0:02:01]} 39. Bf3 {[%emt 0:01:43]} Nf1+ {[%emt 0:00:20]} 40. Kf2 {[%emt 0:00:00]} Nxd2 {[%emt 0:00:00]} 41. Kxg1 {[%emt 0:00:06]} Nb1 {[%emt 0:03:05]} 42. a4 {[%emt 0:02:36]} Bd7 {[%emt 0:02:44]} 0-1